Statistics for Worst Flags #1

Click here to take the quiz!

General Stats

  • This quiz has been taken 18 times
  • The average score is 8 of 9

Answer Stats

Answer% Correct
Albania
100%
Bangladesh
94%
Belize
94%
Montenegro
94%
Central African Republic
89%
Eswatini
89%
Dominica
83%
Turkmenistan
83%
Maldives
78%

Score Distribution

Percentile by Number Answered

Percent of People with Each Score

Your Score History

You have not taken this quiz